Mi abuelo el presunto / (Registro nro. 7056)
[ vista simple ]
| 000 -LEADER | |
|---|---|
| fixed length control field | 01364nam a22002657a 4500 |
| 003 - CONTROL NUMBER IDENTIFIER | |
| control field | OSt |
| 005 - DATE AND TIME OF LATEST TRANSACTION | |
| control field | 20210106153149.0 |
| 008 - FIXED-LENGTH DATA ELEMENTS--GENERAL INFORMATION | |
| fixed length control field | 210106s2005 sp a|||dr|||| 00| 0 spa d |
| 020 ## - INTERNATIONAL STANDARD BOOK NUMBER | |
| International Standard Book Number | 8423678850 |
| 040 ## - CATALOGING SOURCE | |
| Original cataloging agency | CO-JMCR |
| Transcribing agency | CO-JMCR |
| 041 0# - LANGUAGE CODE | |
| Language code of text/sound track or separate title | spa |
| 082 04 - DEWEY DECIMAL CLASSIFICATION NUMBER | |
| Classification number | C / |
| Item number | BORa |
| Edition number | 23 |
| 100 1# - MAIN ENTRY--PERSONAL NAME | |
| Personal name | Bordons, Paloma, |
| Relator term | autora |
| 9 (RLIN) | 12734 |
| 245 13 - TITLE STATEMENT | |
| Title | Mi abuelo el presunto / |
| Statement of responsibility, etc. | Paloma Bordons ; ilustraciones, Francesc Rovira |
| 260 ## - PUBLICATION, DISTRIBUTION, ETC. | |
| Place of publication, distribution, etc. | Barcelona : |
| Name of publisher, distributor, etc. | Edebé, |
| Date of publication, distribution, etc. | 2005 |
| 300 ## - PHYSICAL DESCRIPTION | |
| Extent | 118 páginas : |
| Other physical details | ilustraciones a blanco y negro ; |
| Dimensions | 20 cm. |
| 505 0# - FORMATTED CONTENTS NOTE | |
| Formatted contents note | A mamá se le quema el puré de verduras -- ¿y si tengo un abuelo falso? -- Pues no se va -- Mi abuelo en un presunto -- A solas con el Presunto -- Soy cómplice -- El abuelo y los ponígonos -- Donde él sabe que yo sé -- La muchedumbre -- Montamos el numerito -- Petra ¿Artista o farsante? -- Top respira me amarga la vida -- El abuelo toma las riendas -- Sucesos dramáticos -- Las aventuras de faranduleros -- Fregado |
| 520 0# - SUMMARY, ETC. | |
| Summary, etc. | Lola tiene nueve años y vive sola con su madre. Un día, de repente, se presenta un anciano en su casa que dice ser su abuelo. |
| 521 ## - TARGET AUDIENCE NOTE | |
| Target audience note | Mas de 10 |
| Source | tapa frontal |
| 586 ## - AWARDS NOTE | |
| Awards note | Permio edebé de literatura infantil |
| 650 24 - SUBJECT ADDED ENTRY--TOPICAL TERM | |
| Topical term or geographic name entry element | Cuentos infantiles, español |
| 9 (RLIN) | 12735 |
| 650 24 - SUBJECT ADDED ENTRY--TOPICAL TERM | |
| Topical term or geographic name entry element | Abuelos |
| 9 (RLIN) | 12736 |
| 700 1# - ADDED ENTRY--PERSONAL NAME | |
| Personal name | Rovira, Francesc, |
| Relator term | traductor |
| 9 (RLIN) | 12737 |
| 942 ## - ADDED ENTRY ELEMENTS (KOHA) | |
| Source of classification or shelving scheme | Dewey Decimal Classification |
| Koha item type | Books |
| Withdrawn status | Lost status | Source of classification or shelving scheme | Damaged status | Not for loan | Home library | Current library | Shelving location | Date acquired | Source of acquisition | Total Checkouts | Full call number | Barcode | Date last seen | Date last checked out | Copy number | Price effective from | Koha item type |
|---|---|---|---|---|---|---|---|---|---|---|---|---|---|---|---|---|---|
| Dewey Decimal Classification | Biblioteca Pública José María del Castillo y Rada | Biblioteca Pública José María del Castillo y Rada | General Stacks | 12/16/2020 | Donación | 10 | C / BORa | 201810162 | 02/10/2026 | 02/09/2026 | Ej.1 | 01/06/2021 | Books |